| 000 | 00801pam a2200277 a 4500 | ||
|---|---|---|---|
| 999 |
_c7134 _d7134 |
||
| 001 | 7134 | ||
| 003 | BD-JhCC | ||
| 005 | 20180517081915.0 | ||
| 008 | 870914s1988 nyuac b 001 0 eng | ||
| 020 | _a0671523759 | ||
| 035 | _a(BD-JhCC) | ||
| 040 |
_aDLC _cDLC _dDLC |
||
| 041 | _aeng | ||
| 050 | 0 | 0 |
_aE208 _b.L27 1988 |
| 082 | 0 | 0 |
_a973.3 _219 _bLAN 1988 |
| 100 | 1 |
_aLangguth, A. J., _d1933-2014. |
|
| 245 | 1 | 0 |
_aPatriots : _bthe men who started the American Revolution / _cA.J. Langguth. |
| 260 |
_aNew York : _bSimon and Schuster, _cc1988. |
||
| 300 |
_a637 p. : _bill., ports. ; _c25 cm. |
||
| 500 | _aMaps on lining paper. | ||
| 500 | _aIncludes index. | ||
| 504 | _aBibliography: p. 608-618. | ||
| 651 | 0 |
_aUnited States _xHistory _yRevolution, 1775-1783. |
|
| 942 |
_2ddc _cBK |
||